| 000 | 00719nam a2200217 a 4500 | ||
|---|---|---|---|
| 001 | 000034932 | ||
| 005 | 20200930074008.0 | ||
| 008 | 111021s1939 sw 001 0dspa d | ||
| 040 |
_aDO-SdBNP _bspa _cBNPHU |
||
| 082 |
_a922.298 _bM578o |
||
| 100 | 1 |
_aMesanza, Andrés _960498 |
|
| 245 | 1 | 4 |
_aLos obispos de la orden dominicana en América / _cFray Don Andrés Mesanza, O.P. |
| 260 |
_aEinsiedeln, Suiza : _bBenziger, _c1939. |
||
| 300 |
_a188 p. ; _c21 cm. |
||
| 650 | 4 |
_aObispos _933115 |
|
| 650 | 4 |
_aDiócesis _xHistoria _953005 |
|
| 650 | 4 |
_aIglesia católica _xGobierno _zAmérica _960499 |
|
| 651 | 4 |
_aAmérica Latina _xHistoria Eclesiástica _960500 |
|
| 910 | _aValidado. Control de calidad EMS | ||
| 049 | _aBNPD | ||
| 999 |
_c34423 _d34423 |
||